[Event "Challenge"]
[Site "http://www.queenalice.com/game.php?id=435528"]
[Date "2008.7.18"]
[Round "-"]
[White "viktorbook"]
[Black "Elemptis"]
[Result "0-1"]
[WhiteElo "1835"]
[BlackElo "1984"]

1. e4 e5 2. Nf3 Nc6 3. Bb5 a6 4. Ba4 Nf6 5. O-O Nxe4 6. d4 b5 7. Bb3 d5 8. dxe5
Be6 9. c3 Bc5 10. Nbd2 O-O 11. Bc2 Nxf2 12. Rxf2 f6 13. Nb3 Bxf2+ 14. Kxf2 fxe5
15. Kg1 Bg4 16. Bxh7+ Kxh7 17. Qf1 Bxf3 18. gxf3 Qf6 19. Qh3+ Kg8 20. Bd2 e4 21.
f4 d4 22. cxd4 Nxd4 23. Kh1 Nf3 24. Bc3 Qxf4 0-1

[Event "Challenge"]
[Site "http://www.queenalice.com/game.php?id=435532"]
[Date "2008.7.18"]
[Round "-"]
[White "viktorbook"]
[Black "attachui"]
[Result "0-1"]
[WhiteElo "1817"]
[BlackElo "1738"]

1. e4 c5 2. Nf3 Nc6 3. d4 cxd4 4. Nxd4 g6 5. Nc3 Bg7 6. Be3 Nf6 7. Bc4 O-O 8. f3
d6 9. Qd2 a6 10. g4 Ne5 11. Bb3 Nfxg4 12. fxg4 Bxg4 13. Bf4 Rc8 14. Bxe5 Bxe5
15. Nde2 Qd7 16. O-O-O Bxc3 17. bxc3 a5 18. h3 Bf3 19. Rh2 a4 20. Bxf7+ Rxf7 21.
h4 h5 22. Rg1 Bg4 23. Nf4 Rcf8 24. Rf2 e5 25. Nh3 Bxh3 26. Rxg6+ Rg7 27. Qd5+
Be6 28. Qxe6+ Qxe6 29. Rxf8+ Kxf8 30. Rxe6 Rg4 31. Rxd6 Rxe4 32. Rb6 Rxh4 33.
Rxb7 Rc4 34. Kd2 h4 35. Kd3 Rg4 36. c4 Rg7 37. Rb6 Rg3+ 38. Ke4 Rg4+ 39. Kd5 e4
40. c5 Ke7 41. c6 e3 42. c7 Kd7 43. Rb7 Kc8 44. Rb8+ Kxc7 45. Re8 Rg3 46. c4 h3
0-1

[Event "Challenge"]
[Site "http://www.queenalice.com/game.php?id=442475"]
[Date "2008.8.2"]
[Round "-"]
[White "viktorbook"]
[Black "dotromundo"]
[Result "0-1"]
[WhiteElo "1797"]
[BlackElo "1736"]

1. e4 e5 2. Nf3 d6 3. d4 Nf6 4. dxe5 Nxe4 5. Qd5 Nc5 6. Ng5 Ne6 7. Bc4 c6 8. Qf3
Qa5+ 9. Qc3 Qxe5+ 10. Qxe5 dxe5 11. O-O b5 12. Bxe6 fxe6 13. Nc3 Bc5 14. Nce4
Be7 15. Nf3 Nd7 16. Bg5 Nf6 17. Bxf6 gxf6 18. Rfd1 O-O 19. Rd2 h6 20. Rad1 Ba6
21. Rd7 Rfd8 22. R1d2 Kf8 23. Nh4 Ke8 24. Nd6+ Kxd7 0-1

[Event "Challenge"]
[Site "http://www.queenalice.com/game.php?id=445330"]
[Date "2008.8.8"]
[Round "-"]
[White "viktorbook"]
[Black "Elemptis"]
[Result "0-1"]
[WhiteElo "1771"]
[BlackElo "2165"]

1. c4 Nf6 2. Nc3 e5 3. Nf3 Nc6 4. d4 exd4 5. Nxd4 Bb4 6. e3 O-O 7. Bd3 Ne5 8.
O-O d5 9. Nxd5 Nxd5 10. cxd5 Qxd5 11. Bc2 Bd7 12. Qh5 g6 13. Qh4 c5 14. Ne2 Ba5
15. b3 Bc6 16. Nf4 Qxg2+ 17. Nxg2 Nf3+ 18. Kh1 Nxh4 19. e4 Nf3 20. Ne3 Ne1 21.
Bb1 f5 22. Nd5 Bxd5 23. exd5 Bc3 24. Rxe1 Bxe1 25. Bd3 Bxf2 26. b4 cxb4 27. Bb2
Rfe8 28. d6 Re1+ 29. Rxe1 Bxe1 30. Bf6 Bf2 31. d7 Bb6 32. Kg2 Kf7 33. Bg5 Ke6
34. Bb5 Bd8 0-1

[Event "Challenge"]
[Site "http://www.queenalice.com/game.php?id=447417"]
[Date "2008.8.11"]
[Round "-"]
[White "viktorbook"]
[Black "Catao"]
[Result "0-1"]
[WhiteElo "1762"]
[BlackElo "2094"]

1. e4 c5 2. c3 Nf6 3. e5 Nd5 4. d4 cxd4 5. Nf3 e6 6. cxd4 d6 7. Bd3 Nc6 8. O-O
Be7 9. a3 dxe5 10. dxe5 O-O 11. Qc2 g6 12. Bh6 Re8 13. Rd1 Qc7 14. Nbd2 a6 15.
h4 Bd7 16. h5 gxh5 17. Bxh7+ Kh8 18. Ne4 Rac8 19. Neg5 Bxg5 20. Bxg5 Nxe5 21.
Qe4 Nxf3+ 22. gxf3 f6 23. Rxd5 fxg5 24. Rxg5 Bc6 25. Qg6 Re7 26. Bg8 Rg7 27.
Qxg7+ Qxg7 28. Rxg7 Kxg7 29. Bxe6 Rf8 30. Rd1 Rxf3 31. Bd5 Bxd5 32. Rxd5 Kg6 33.
Rd4 Rb3 34. Rb4 Rxb4 35. axb4 Kf5 36. Kg2 Kf4 0-1

[Event "Challenge"]
[Site "http://www.queenalice.com/game.php?id=456760"]
[Date "2008.9.1"]
[Round "-"]
[White "madriles"]
[Black "viktorbook"]
[Result "1-0"]
[WhiteElo "1797"]
[BlackElo "1835"]

1. d4 Nf6 2. c4 g6 3. Nc3 d5 4. e3 Bg7 5. Nf3 O-O 6. cxd5 Nxd5 7. Bc4 Nxc3 8.
bxc3 c5 9. O-O Bg4 10. h3 Bxf3 11. Qxf3 Nc6 12. Bb2 e6 13. Rad1 cxd4 14. cxd4
Rc8 15. Bb3 Na5 16. Bc1 Nxb3 17. axb3 Qb6 18. Ba3 Rfe8 19. Rd3 Rc2 20. Bc5 Qa6
21. Rfd1 Rd8 22. h4 b6 23. Be7 Rd5 24. e4 Ra5 25. d5 1-0

[Event "Challenge"]
[Site "http://www.queenalice.com/game.php?id=458117"]
[Date "2008.9.4"]
[Round "-"]
[White "RAFAELI"]
[Black "viktorbook"]
[Result "0-1"]
[WhiteElo "1742"]
[BlackElo "1777"]

1. e4 e5 2. Bc4 Nf6 3. Bd3 Bc5 4. Qf3 d5 5. exd5 Bg4 6. Qg3 O-O 7. f3 Bc8 8. c4
Nh5 9. Qxe5 Re8 10. Qxe8+ Qxe8+ 11. Ne2 Nf4 12. Nc3 Nxd3+ 13. Kd1 Bf5 14. Rf1
Nb4 15. a3 Bc2+ 16. Ke1 Nd3# 0-1

[Event "Challenge"]
[Site "http://www.queenalice.com/game.php?id=461193"]
[Date "2008.9.10"]
[Round "-"]
[White "viktorbook"]
[Black "Catao"]
[Result "0-1"]
[WhiteElo "1792"]
[BlackElo "2100"]

1. e4 c5 2. Nf3 d6 3. d4 cxd4 4. Qxd4 Nc6 5. Bb5 Bd7 6. Bxc6 Bxc6 7. Nc3 Nf6 8.
Bg5 e6 9. e5 dxe5 10. Qxe5 Be7 11. Nd4 O-O 12. O-O-O Nd5 13. Nxe6 fxe6 14. Qxe6+
Kh8 15. Nxd5 Bxg5+ 16. Kb1 Rxf2 17. h4 Bxd5 18. Rxd5 Qf6 19. Qe1 Bxh4 20. Rh5
Qg6 0-1

[Event "Challenge"]
[Site "http://www.queenalice.com/game.php?id=462104"]
[Date "2008.9.12"]
[Round "-"]
[White "smcneil"]
[Black "viktorbook"]
[Result "0-1"]
[WhiteElo "1680"]
[BlackElo "1800"]

1. e4 c6 2. d4 d5 3. e5 Bf5 4. Bd3 Bxd3 5. Qxd3 e6 6. Nf3 Qc7 7. Nc3 Nd7 8. O-O
a6 9. a3 c5 10. Be3 cxd4 11. Bxd4 Ne7 12. Rfe1 Nf5 13. Ng5 h6 14. Nf3 g6 15. b4
Rc8 16. Rac1 Nxd4 17. Qxd4 Qxc3 18. Re3 Qxd4 19. Nxd4 Bg7 20. Nf3 O-O 21. h4 Rc7
22. c3 Nb6 23. g4 Rfc8 24. g5 Na4 25. Nh2 Nxc3 26. Rce1 Ne4 27. f4 Rc2 28. Ng4
h5 29. Nf6+ Bxf6 30. exf6 Rd2 31. Rb3 Rcc2 32. b5 axb5 33. Rxb5 Rg2+ 34. Kf1
Ng3# 0-1

[Event "Challenge"]
[Site "http://www.queenalice.com/game.php?id=462105"]
[Date "2008.9.12"]
[Round "-"]
[White "viktorbook"]
[Black "smcneil"]
[Result "1-0"]
[WhiteElo "1789"]
[BlackElo "1662"]

1. e4 c5 2. Nf3 b6 3. Bc4 Bb7 4. O-O Bxe4 5. Bxf7+ Kxf7 6. Ng5+ Ke8 7. Nxe4 d5
8. Qh5+ g6 9. Qe5 dxe4 10. Qxh8 Nf6 11. d3 Kf7 12. Bh6 Nbd7 13. Bxf8 Nxf8 14.
dxe4 e5 15. Nc3 Qd6 16. Rad1 Qe6 17. f4 Re8 18. fxe5 Qxe5 19. Rd5 Qe6 20. e5 Nd7
21. Rxd7+ Qxd7 22. Rxf6+ Ke7 23. Qg7+ Kd8 24. Rd6 Re7 25. Rxd7+ Kxd7 26. Qf6 1-0

[Event "Challenge"]
[Site "http://www.queenalice.com/game.php?id=462591"]
[Date "2008.9.13"]
[Round "-"]
[White "creualta"]
[Black "viktorbook"]
[Result "0-1"]
[WhiteElo "1674"]
[BlackElo "1811"]

1. e4 Nf6 2. Nc3 e5 3. d4 exd4 4. Qxd4 Nc6 5. Qe3 b6 6. a3 Bc5 7. Qf4 O-O 8. Nf3
Bb7 9. Qg3 Re8 10. Bh6 g6 11. Bb5 Nxe4 12. Nxe4 Rxe4+ 13. Be3 Bxe3 14. Bd3 Bf4+
15. Kf1 Bxg3 16. Bxe4 Bd6 17. g3 Qf6 18. Re1 Re8 19. b4 Rxe4 20. Nd2 Rxe1+ 21.
Kxe1 Nd4 22. c3 Qe6+ 23. Kd1 Nf3 24. Kc2 Qa2+ 25. Kd3 Qxd2+ 26. Kc4 Qd5# 0-1

[Event "Challenge"]
[Site "http://www.queenalice.com/game.php?id=463677"]
[Date "2008.9.15"]
[Round "-"]
[White "Rbar2004"]
[Black "viktorbook"]
[Result "0-1"]
[WhiteElo "1677"]
[BlackElo "1839"]

1. e4 c5 2. Nf3 Nc6 3. d4 cxd4 4. Nxd4 Nf6 5. Nc3 e5 6. Ndb5 Bb4 7. Bd2 a6 8.
Na3 Bxc3 9. bxc3 Nxe4 10. Qg4 Nxd2 11. Qxg7 Rf8 12. Kxd2 d5 13. f3 d4 14. cxd4
Qa5+ 0-1

[Event "Challenge"]
[Site "http://www.queenalice.com/game.php?id=481111"]
[Date "2008.10.22"]
[Round "-"]
[White "viktorbook"]
[Black "Lukas_bala_Pirai"]
[Result "1-0"]
[WhiteElo "1828"]
[BlackElo "1703"]

1. Nf3 d6 2. d4 g6 3. e4 Bg7 4. c4 Nc6 5. d5 Ne5 6. h3 Nxf3+ 7. Qxf3 Nf6 8. Nc3
O-O 9. Bd3 c5 10. g4 Qa5 11. Bd2 Qb4 12. O-O Qxb2 13. Rfd1 Nd7 14. Rab1 1-0

[Event "Challenge"]
[Site "http://www.queenalice.com/game.php?id=481112"]
[Date "2008.10.22"]
[Round "-"]
[White "Lukas_bala_Pirai"]
[Black "viktorbook"]
[Result "0-1"]
[WhiteElo "1715"]
[BlackElo "1816"]

1. d4 Nf6 2. c4 e6 3. Nc3 Bb4 4. Bd2 O-O 5. Nf3 b6 6. g3 Bb7 7. Bg2 d5 8. Ne5 c5
9. Be3 Nc6 10. Nxc6 Bxc6 11. O-O Bxc3 12. bxc3 Ng4 13. h3 Nxe3 0-1

[Event "AUTO-OPEN-1180"]
[Site "http://www.queenalice.com/game.php?id=481121"]
[Date "2008.10.22"]
[Round "2"]
[White "carlos31"]
[Black "viktorbook"]
[Result "1-0"]
[WhiteElo "1894"]
[BlackElo "1849"]

1. e4 c6 2. d4 d5 3. e5 Bf5 4. c4 e6 5. Nf3 f6 6. c5 Nd7 7. Bd3 Bxd3 8. Qxd3 Ne7
9. O-O Ng6 10. Re1 f5 11. Ng5 Qe7 12. b4 h6 13. Nh3 Qh4 14. Nd2 Be7 15. Nf3 Ndf8
16. Nxh4 1-0

[Event "AUTO-OPEN-1180"]
[Site "http://www.queenalice.com/game.php?id=481122"]
[Date "2008.10.22"]
[Round "2"]
[White "viktorbook"]
[Black "carlos31"]
[Result "0-1"]
[WhiteElo "1817"]
[BlackElo "1822"]

1. c4 e5 2. Nc3 Bb4 3. Nd5 Bc5 4. e3 c6 5. d4 cxd5 6. dxc5 Qa5+ 7. Bd2 Qxc5 8.
Rc1 Nf6 9. b4 Qe7 10. cxd5 Nxd5 11. Bc4 Nb6 12. Bd3 O-O 13. Qc2 g6 14. g4 d5 15.
f3 e4 16. fxe4 dxe4 17. Bxe4 Qh4+ 0-1

[Event "AUTO-OPEN-1180"]
[Site "http://www.queenalice.com/game.php?id=481129"]
[Date "2008.10.22"]
[Round "2"]
[White "viktorbook"]
[Black "whyBish"]
[Result "0-1"]
[WhiteElo "1822"]
[BlackElo "2150"]

1. Nf3 c5 2. c4 g6 3. Nc3 Bg7 4. d4 cxd4 5. Nxd4 Nc6 6. e3 Nh6 7. g3 d6 8. Bg2
Bd7 9. O-O O-O 10. Re1 e6 11. a3 Rc8 12. Ndb5 Bxc3 13. Nxc3 Nf5 0-1

[Event "AUTO-OPEN-1180"]
[Site "http://www.queenalice.com/game.php?id=481130"]
[Date "2008.10.22"]
[Round "2"]
[White "whyBish"]
[Black "viktorbook"]
[Result "1-0"]
[WhiteElo "2152"]
[BlackElo "1819"]

1. d4 f5 2. c4 e6 3. Nc3 Nf6 4. Nf3 c6 5. Qc2 d5 6. c5 Be7 7. h3 O-O 8. Bf4 Bd7
9. b4 Be8 10. a4 Nbd7 11. b5 Bg6 12. e3 Nh5 13. Ne2 Bf6 14. Qb3 1-0